Birth States of U.S. Presidents - Sudden Death - Statistics

General Stats
  • This quiz has been taken 44 times
  • The average score is 7 of 16
Answers on the Grid
Answers color-coded by a green-red scale on the quiz's grid according to % correct below.
South Dakota
Nebraska
California
Utah
Pennsylvania
Maryland
Iowa
Georgia
Florida
Vermont
Alaska
Michigan
Indiana
Kentucky
Arkansas
Washington
Oregon
South Carolina
Connecticut
Tennessee
Colorado
New Hampshire
Minnesota
Massachussets
Virginia
Ohio
Kansas
Arizona
New York
Nevada
Maine
North Dakota
 
Answer Stats
Answer % Correct
California
81%
Georgia
65%
Pennsylvania
61%
New York
48%
Arkansas
45%
Massachussets
45%
Virginia
45%
Iowa
35%
Kentucky
35%
Ohio
32%
Connecticut
29%
Nebraska
29%
South Carolina
29%
Vermont
29%
New Hampshire
26%
Kansas
23%
No matching quizzes found
Score Distribution
Percent of People with Each Score
Percentile by Number Answered
Your Score History
You have not taken this quiz